<?xml version="1.0" encoding="UTF-8"?>
<record
    xmlns:xsi="http://www.w3.org/2001/XMLSchema-instance"
    xsi:schemaLocation="http://www.loc.gov/MARC21/slim http://www.loc.gov/standards/marcxml/schema/MARC21slim.xsd"
    xmlns="http://www.loc.gov/MARC21/slim">

  <leader>00469nam a22001817a 4500</leader>
  <datafield tag="999" ind1=" " ind2=" ">
    <subfield code="c">2467</subfield>
    <subfield code="d">2466</subfield>
  </datafield>
  <controlfield tag="005">20210909165631.0</controlfield>
  <controlfield tag="008">160613b        xxu||||| |||| 00| 0 eng d</controlfield>
  <datafield tag="020" ind1=" " ind2=" ">
    <subfield code="a">978-81-775-8965-4</subfield>
  </datafield>
  <datafield tag="041" ind1=" " ind2=" ">
    <subfield code="a">eng</subfield>
  </datafield>
  <datafield tag="082" ind1=" " ind2=" ">
    <subfield code="b">7098</subfield>
    <subfield code="a">006.6</subfield>
  </datafield>
  <datafield tag="100" ind1=" " ind2=" ">
    <subfield code="a">Hearn, D.D &amp; Baker,  M.Pauline</subfield>
    <subfield code="9">4139</subfield>
  </datafield>
  <datafield tag="245" ind1=" " ind2=" ">
    <subfield code="a">Computer Graphics C Version</subfield>
  </datafield>
  <datafield tag="250" ind1=" " ind2=" ">
    <subfield code="a">2ND ED.</subfield>
  </datafield>
  <datafield tag="260" ind1=" " ind2=" ">
    <subfield code="a">Delhi</subfield>
    <subfield code="b">pearson education </subfield>
    <subfield code="c">2006</subfield>
  </datafield>
  <datafield tag="300" ind1=" " ind2=" ">
    <subfield code="a">660</subfield>
  </datafield>
  <datafield tag="650" ind1=" " ind2=" ">
    <subfield code="a">Information Technology</subfield>
    <subfield code="9">137</subfield>
  </datafield>
  <datafield tag="942" ind1=" " ind2=" ">
    <subfield code="c">BK</subfield>
  </datafield>
  <datafield tag="952" ind1=" " ind2=" ">
    <subfield code="0">0</subfield>
    <subfield code="1">0</subfield>
    <subfield code="4">0</subfield>
    <subfield code="7">0</subfield>
    <subfield code="8">CS/IT</subfield>
    <subfield code="a">JRU</subfield>
    <subfield code="b">JRU</subfield>
    <subfield code="c">SHELF-53-C</subfield>
    <subfield code="d">2016-06-13</subfield>
    <subfield code="g">825.00</subfield>
    <subfield code="l">15</subfield>
    <subfield code="m">5</subfield>
    <subfield code="o">006.6</subfield>
    <subfield code="p">7098</subfield>
    <subfield code="r">2026-03-25 11:32:52</subfield>
    <subfield code="s">2026-02-27</subfield>
    <subfield code="w">2016-06-13</subfield>
    <subfield code="y">BK</subfield>
  </datafield>
  <datafield tag="952" ind1=" " ind2=" ">
    <subfield code="0">0</subfield>
    <subfield code="1">0</subfield>
    <subfield code="4">0</subfield>
    <subfield code="7">0</subfield>
    <subfield code="8">CS/IT</subfield>
    <subfield code="a">JRU</subfield>
    <subfield code="b">JRU</subfield>
    <subfield code="c">SHELF-53-C</subfield>
    <subfield code="d">2016-06-13</subfield>
    <subfield code="g">825.00</subfield>
    <subfield code="l">7</subfield>
    <subfield code="m">2</subfield>
    <subfield code="o">006.6</subfield>
    <subfield code="p">7099</subfield>
    <subfield code="r">2022-06-15 00:00:00</subfield>
    <subfield code="s">2022-06-15</subfield>
    <subfield code="w">2016-06-13</subfield>
    <subfield code="y">BK</subfield>
  </datafield>
  <datafield tag="952" ind1=" " ind2=" ">
    <subfield code="0">0</subfield>
    <subfield code="1">0</subfield>
    <subfield code="4">0</subfield>
    <subfield code="7">0</subfield>
    <subfield code="8">CS/IT</subfield>
    <subfield code="a">JRU</subfield>
    <subfield code="b">JRU</subfield>
    <subfield code="c">SHELF-53-C</subfield>
    <subfield code="d">2016-06-13</subfield>
    <subfield code="g">825.00</subfield>
    <subfield code="l">9</subfield>
    <subfield code="m">2</subfield>
    <subfield code="o">006.6</subfield>
    <subfield code="p">7100</subfield>
    <subfield code="r">2022-03-31 00:00:00</subfield>
    <subfield code="s">2022-03-15</subfield>
    <subfield code="w">2016-06-13</subfield>
    <subfield code="y">BK</subfield>
  </datafield>
  <datafield tag="952" ind1=" " ind2=" ">
    <subfield code="0">0</subfield>
    <subfield code="1">0</subfield>
    <subfield code="4">0</subfield>
    <subfield code="7">0</subfield>
    <subfield code="8">CS/IT</subfield>
    <subfield code="a">JRU</subfield>
    <subfield code="b">JRU</subfield>
    <subfield code="c">SHELF-53-C</subfield>
    <subfield code="d">2016-06-13</subfield>
    <subfield code="g">825.00</subfield>
    <subfield code="l">3</subfield>
    <subfield code="m">1</subfield>
    <subfield code="o">006.6</subfield>
    <subfield code="p">7101</subfield>
    <subfield code="r">2024-05-30 12:35:15</subfield>
    <subfield code="s">2024-05-03</subfield>
    <subfield code="w">2016-06-13</subfield>
    <subfield code="y">BK</subfield>
  </datafield>
  <datafield tag="952" ind1=" " ind2=" ">
    <subfield code="0">0</subfield>
    <subfield code="1">0</subfield>
    <subfield code="4">0</subfield>
    <subfield code="7">0</subfield>
    <subfield code="8">CS/IT</subfield>
    <subfield code="a">JRU</subfield>
    <subfield code="b">JRU</subfield>
    <subfield code="c">SHELF-53-C</subfield>
    <subfield code="d">2016-06-13</subfield>
    <subfield code="g">825.00</subfield>
    <subfield code="l">4</subfield>
    <subfield code="o">006.6</subfield>
    <subfield code="p">7102</subfield>
    <subfield code="r">2026-04-21 12:38:12</subfield>
    <subfield code="s">2026-04-10</subfield>
    <subfield code="w">2016-06-13</subfield>
    <subfield code="y">BK</subfield>
  </datafield>
</record>
